LEADER 01020nam a22002654i 4500 001 991002040319707536 005 20061107145109.0 008 060724s2005 it a b 001 0 ita d 020 $a880807529X 035 $ab13466732-39ule_inst 040 $aDip.to Beni Arti e Storia$bita 100 1 $aPanzini, Franco.$010509 245 10$aProgettare la natura :$barchitettura del paesaggio e dei giardini dalle origini all'epoca contemporanea /$cFranco Panzini. 250 $a1. ed. 260 $aBologna :$bZanichelli,$c2005. 300 $axii, 372 p. :$bill. ;$c24 cm. 504 $aInclude bibliografia (p. 355-361) e indice. 650 0$aGiardini$xStoria. 650 0$aPaesaggi$xArchitettura$xStoria. 907 $a.b13466732$b08-01-07$c08-01-07 912 $a991002040319707536 945 $aLE019 A34 AR B 23$g1$i2019000039833$lle019$o-$pE29.80$q-$rl$s- $t0$u8$v2$w8$x0$y.i1434080x$z08-01-07 996 $aProgettare la natura$91094950 997 $aUNISALENTO 998 $ale019$b08-01-07$cm$da $e-$fita$git $h0$i0